[Event "3rd HoliCup Lake City 2019"]
[Site "Udaipur"]
[Date "2019.03.31"]
[Round "8.12"]
[White "Dutta, Joydeep"]
[Black "Suvankar, Maity"]
[Result "1-0"]
[WhiteElo "2097"]
[BlackElo "1911"]
[Annotator "NA"]
[PlyCount "37"]
[EventDate "2019.??.??"]
[EventCountry "IND"]
[SourceTitle "playchess.com"]
[Source "ChessBase"]
[SourceQuality "1"]
[TimeControl "5400+30"]

1. e4 {[%emt 0:00:00]} c5 {[%emt 0:00:19]} 2. Nf3 {[%emt 0:00:00]} e6 {[%emt 0:00:31]} 3. c3 {[%emt 0:00:06]} d5 {[%emt 0:02:41]} 4. e5 {[%emt 0:00:18]} a6 {[%emt 0:01:26]} 5. d4 {[%emt 0:00:35]} Nc6 {[%emt 0:00:41]} 6. Bd3 {[%emt 0:00:55]} Qb6 {[%emt 0:04:54]} 7. O-O {[%emt 0:00:44]} Bd7 {[%emt 0:01:25]} 8. dxc5 {[%emt 0:01:25]} Bxc5 {[%emt 0:00:38]} 9. Nbd2 {[%emt 0:00:44]} Qc7 {[%emt 0:00:42]} 10. Nb3 {[%emt 0:01:04]} Ba7 {[%emt 0:04:36]} 11. Qe2 {[%emt 0:00:55]} Nge7 $14 {[%emt 0:00:31]} 12. Bf4 {[%emt 0:00:45]} Ng6 {[%emt 0:00:58]} 13. Bg3 {[%emt 0:00:09]} Rc8 {[%emt 0:02:54]} 14. Rfe1 {[%emt 0:02:44]} Na5 {[%emt 0:02:51]} 15. Nxa5 {[%emt 0:02:15]} Qxa5 {[%emt 0:00:07]} 16. Ng5 {[%emt 0:00:25]} Bb5 {[%emt 0:01:45]} 17. Qf3 {[%emt 0:02:07]} Bxd3 {[%emt 0:00:11]} 18. Qxf7+ {[%emt 0:00:07]} Kd8 {[%emt 0:00:03]} 19. Nxe6# {[%emt 0:00:06] Ke8 Qf4} 1-0

[Event "3rd HoliCup Lake City 2019"]
[Site "Udaipur"]
[Date "2019.03.31"]
[Round "8.13"]
[White "Arun Kataria"]
[Black "Rathore, S.K."]
[Result "0-1"]
[WhiteElo "1581"]
[BlackElo "2092"]
[Annotator "NA"]
[PlyCount "86"]
[EventDate "2019.??.??"]
[EventCountry "IND"]
[SourceTitle "playchess.com"]
[Source "ChessBase"]
[SourceQuality "1"]
[TimeControl "5400+30"]

1. e4 {[%emt 0:00:00]} c5 {[%emt 0:00:34]} 2. Nf3 {[%emt 0:00:00]} d6 {[%emt 0:00:41]} 3. d4 {[%emt 0:00:00]} cxd4 {[%emt 0:00:38]} 4. Nxd4 {[%emt 0:00:04]} Nf6 {[%emt 0:00:17]} 5. Nc3 {[%emt 0:00:07]} a6 {[%emt 0:00:16]} 6. Be2 {[%emt 0:00:08]} e5 {[%emt 0:01:44]} 7. Nb3 {[%emt 0:00:12]} Be7 {[%emt 0:01:59]} 8. O-O {[%emt 0:00:08]} O-O {[%emt 0:00:39]} 9. Be3 {[%emt 0:00:04]} b5 {[%emt 0:00:55]} 10. a3 {[%emt 0:00:09]} Bb7 {[%emt 0:01:00]} 11. f3 {[%emt 0:00:12]} Nbd7 {[%emt 0:00:39]} 12. Qd2 {[%emt 0:01:31]} Rc8 {[%emt 0:00:55]} 13. Rad1 {[%emt 0:01:58]} Qc7 {[%emt 0:01:11]} 14. Bd3 {[%emt 0:03:34]} Nc5 $11 {[%emt 0:04:36]} 15. Ne2 {[%emt 0:03:50]} d5 {[%emt 0:09:08]} 16. Nxc5 {[%emt 0:01:52]} Bxc5 {[%emt 0:00:04]} 17. Ng3 {[%emt 0:00:10]} dxe4 {[%emt 0:05:26]} 18. Bxe4 {[%emt 0:01:05]} Nxe4 {[%emt 0:03:32]} 19. Nxe4 {[%emt 0:01:11]} Bxe4 {[%emt 0:06:51]} 20. fxe4 {[%emt 0:00:17]} Rfd8 {[%emt 0:01:29]} 21. Qf2 {[%emt 0:02:34]} Rxd1 {[%emt 0:00:44]} 22. Rxd1 {[%emt 0:00:05]} Bxe3 {[%emt 0:00:22]} 23. Qxe3 {[%emt 0:00:06]} Qxc2 {[%emt 0:00:14]} 24. Qd2 {[%emt 0:01:19]} h6 {[%emt 0:06:47]} 25. Qd7 {[%emt 0:03:32]} Rc7 {[%emt 0:08:06]} 26. Qd8+ {[%emt 0:01:59]} Kh7 {[%emt 0:00:05]} 27. Rf1 {[%emt 0:02:33]} Qc5+ {[%emt 0:02:02]} 28. Kh1 {[%emt 0:00:19]} Qc4 {[%emt 0:02:50]} 29. Kg1 {[%emt 0:03:51]} Rc6 {[%emt 0:02:05]} 30. Qh4 {[%emt 0:17:24]} Qd4+ {[%emt 0:02:25]} 31. Kh1 {[%emt 0:07:18]} Rf6 {[%emt 0:02:26]} 32. Rg1 {[%emt 0:04:34]} Qxb2 {[%emt 0:00:46]} 33. Qg3 {[%emt 0:00:13]} a5 {[%emt 0:01:35]} 34. Qd3 {[%emt 0:00:57]} b4 {[%emt 0:00:59]} 35. axb4 {[%emt 0:00:19]} axb4 {[%emt 0:00:36]} 36. h3 {[%emt 0:00:06]} Qc3 {[%emt 0:00:53]} 37. Qb5 {[%emt 0:00:38]} Qd4 {[%emt 0:01:06]} 38. Qb7 {[%emt 0:01:01]} Rf4 {[%emt 0:02:24]} 39. Re1 {[%emt 0:00:47]} Qc4 {[%emt 0:03:13]} 40. Kh2 {[%emt 0:03:10]} Rf2 {[%emt 0:02:02]} 41. Rg1 {[%emt 0:00:47]} b3 {[%emt 0:00:38]} 42. Qb8 {[%emt 0:01:15]} Qc3 {[%emt 0:02:22]} 43. Qb6 {[%emt 0:01:56]} Qc2 {[%emt 0:00:27]} 0-1

[Event "3rd HoliCup Lake City 2019"]
[Site "Udaipur"]
[Date "2019.03.31"]
[Round "8.14"]
[White "Anadkat, Kartavya"]
[Black "Heikrujam, Jacky Singh"]
[Result "1/2-1/2"]
[WhiteElo "1998"]
[BlackElo "1886"]
[Annotator "NA"]
[PlyCount "175"]
[EventDate "2019.??.??"]
[EventCountry "IND"]
[SourceTitle "playchess.com"]
[Source "ChessBase"]
[SourceQuality "1"]
[TimeControl "5400+30"]

1. e4 {[%emt 0:00:00]} c6 {[%emt 0:01:12]} 2. d4 {[%emt 0:00:00]} d5 {[%emt 0:00:02]} 3. e5 {[%emt 0:00:00]} Bf5 {[%emt 0:01:52]} 4. h4 {[%emt 0:00:00]} h6 {[%emt 0:01:15]} 5. g4 {[%emt 0:00:00]} Bd7 {[%emt 0:00:53]} 6. h5 {[%emt 0:00:00]} c5 {[%emt 0:00:10]} 7. c3 {[%emt 0:00:01]} Qb6 {[%emt 0:00:55]} 8. Na3 {[%emt 0:04:40]} cxd4 {[%emt 0:02:08]} 9. cxd4 {[%emt 0:00:02]} Qb4+ {[%emt 0:01:12]} 10. Bd2 {[%emt 0:14:01]} Qxd4 {[%emt 0:03:03]} 11. Nf3 {[%emt 0:00:01]} Qe4+ {[%emt 0:08:57]} 12. Be2 {[%emt 0:00:02]} a6 {[%emt 0:07:54]} 13. Qb3 {[%emt 0:04:29]} Nc6 {[%emt 0:03:07]} 14. Rh4 {[%emt 0:19:49]} Nxe5 {[%emt 0:06:40]} 15. Nxe5 {[%emt 0:00:32]} Qxe5 {[%emt 0:00:20]} 16. Qxb7 {[%emt 0:00:06]} Rb8 {[%emt 0:08:25]} 17. Qxa6 {[%emt 0:00:05]} Nf6 {[%emt 0:02:32]} 18. Kf1 {[%emt 0:17:41]} Ne4 {[%emt 0:14:13]} 19. Be3 {[%emt 0:07:29]} Ng3+ {[%emt 0:13:37]} 20. fxg3 {[%emt 0:12:35]} Qxe3 {[%emt 0:00:03]} 21. Rh2 {[%emt 0:02:32]} e5 {[%emt 0:04:35]} 22. Nb5 {[%emt 0:01:27]} Bc5 {[%emt 0:00:46]} 23. Rg2 {[%emt 0:02:31]} O-O {[%emt 0:00:33]} 24. Nc3 {[%emt 0:02:03]} Be6 {[%emt 0:10:28]} 25. Qd3 {[%emt 0:06:30]} Qg5 {[%emt 0:00:19]} 26. Rd1 {[%emt 0:02:10]} e4 {[%emt 0:03:18]} 27. Qa6 {[%emt 0:00:05]} Be3 {[%emt 0:01:31]} 28. Qa5 {[%emt 0:01:23]} Bb6 {[%emt 0:03:14]} 29. Qa4 {[%emt 0:02:25]} f5 {[%emt 0:00:32]} 30. Qc6 {[%emt 0:01:09]} Qf6 {[%emt 0:00:35]} 31. Nxd5 {[%emt 0:00:59]} Bxd5 {[%emt 0:00:01]} 32. Qxf6 {[%emt 0:00:20]} Rxf6 {[%emt 0:00:41]} 33. Rxd5 {[%emt 0:00:02]} fxg4+ {[%emt 0:00:49]} 34. Ke1 {[%emt 0:00:00]} Rc8 {[%emt 0:00:32]} 35. Bxg4 {[%emt 0:00:44]} Rc1+ {[%emt 0:00:20]} 36. Bd1 {[%emt 0:00:02]} e3 {[%emt 0:00:36]} 37. a4 {[%emt 0:00:18]} Rf2 {[%emt 0:00:26]} 38. Rxf2 {[%emt 0:00:59]} exf2+ {[%emt 0:00:01]} 39. Kf1 {[%emt 0:01:04]} Rb1 {[%emt 0:00:59]} 40. b3 {[%emt 0:00:51]} Kf8 {[%emt 0:00:21]} 41. Rd6 {[%emt 0:00:45]} Bc5 {[%emt 0:00:40]} 42. Rd5 {[%emt 0:00:05]} Bb6 {[%emt 0:00:28]} 43. a5 {[%emt 0:00:12]} Bxa5 {[%emt 0:00:36]} 44. Rxa5 {[%emt 0:00:39]} Rxd1+ {[%emt 0:00:02]} 45. Kxf2 {[%emt 0:00:01]} Rd3 46. Rf5+ {[%emt 0:00:28]} Ke7 {[%emt 0:01:09]} 47. Rf3 {[%emt 0:00:02]} Rd5 {[%emt 0:00:21]} 48. g4 {[%emt 0:00:05]} Rg5 {[%emt 0:00:45]} 49. Rf4 {[%emt 0:00:44]} g6 {[%emt 0:00:40]} 50. hxg6 {[%emt 0:01:15]} Rxg6 {[%emt 0:00:02]} 51. Kf3 {[%emt 0:00:18]} Rg5 {[%emt 0:01:04]} 52. Rf5 {[%emt 0:00:48]} Rg8 {[%emt 0:00:26]} 53. Rb5 {[%emt 0:00:22]} Kf6 {[%emt 0:00:30]} 54. Rb6+ {[%emt 0:00:48]} Kg5 {[%emt 0:00:09]} 55. Rb5+ {[%emt 0:00:01]} Kg6 {[%emt 0:00:09]} 56. b4 {[%emt 0:00:59]} Rd8 {[%emt 0:00:22]} 57. Re5 {[%emt 0:00:37]} Rd3+ {[%emt 0:00:08]} 58. Re3 {[%emt 0:00:20]} Rd4 {[%emt 0:00:22]} 59. Re4 {[%emt 0:00:45]} Rd1 {[%emt 0:01:28]} 60. Kf4 {[%emt 0:00:40]} Rf1+ {[%emt 0:00:23]} 61. Kg3 {[%emt 0:00:49]} h5 {[%emt 0:00:40]} 62. gxh5+ {[%emt 0:00:25]} Kxh5 {[%emt 0:00:03]} 63. Rf4 {[%emt 0:00:01]} Rb1 {[%emt 0:00:48]} 64. Kf3 {[%emt 0:00:58]} Kg5 {[%emt 0:00:17]} 65. Rc4 {[%emt 0:00:01]} Kf5 {[%emt 0:00:37]} 66. Ke3 {[%emt 0:00:26]} Ke5 {[%emt 0:00:39]} 67. Rh4 {[%emt 0:00:36]} Rb3+ {[%emt 0:00:35]} 68. Kd2 {[%emt 0:00:05]} Kd5 {[%emt 0:00:17]} 69. Kc2 {[%emt 0:00:07]} Rg3 {[%emt 0:00:14]} 70. Kb2 {[%emt 0:01:05]} Kc6 {[%emt 0:00:13]} 71. Rh5 {[%emt 0:00:11]} Kb6 {[%emt 0:00:15]} 72. Rc5 {[%emt 0:00:31]} Rh3 {[%emt 0:00:13]} 73. Rc3 {[%emt 0:00:19]} Rxc3 {[%emt 0:00:11]} 74. Kxc3 {[%emt 0:00:01]} Kb5 {[%emt 0:00:15]} 75. Kb3 {[%emt 0:00:01]} Kb6 {[%emt 0:00:12]} 76. Kc4 {[%emt 0:00:01]} Kc6 {[%emt 0:00:16]} 77. b5+ {[%emt 0:00:01]} Kb6 {[%emt 0:00:15]} 78. Kb4 {[%emt 0:00:01]} Kb7 {[%emt 0:00:17]} 79. Ka5 Ka7 {[%emt 0:00:09]} 80. b6+ {[%emt 0:00:15]} Kb7 {[%emt 0:00:07]} 81. Kb5 {[%emt 0:00:01]} Kb8 {[%emt 0:00:13]} 82. Ka6 {[%emt 0:00:01]} Ka8 {[%emt 0:00:17]} 83. Kb5 {[%emt 0:00:01]} Kb7 {[%emt 0:00:17]} 84. Kc5 {[%emt 0:00:01]} Kb8 {[%emt 0:00:39]} 85. Kc6 {[%emt 0:00:03]} Kc8 {[%emt 0:00:17]} 86. b7+ {[%emt 0:00:01]} Kb8 {[%emt 0:00:10]} 87. Kd5 {[%emt 0:00:01]} Kc7 {[%emt 0:00:23]} 88. b8=B+ {[%emt 0:00:09]} 1/2-1/2

[Event "3rd HoliCup Lake City 2019"]
[Site "Udaipur"]
[Date "2019.03.31"]
[Round "8.15"]
[White "Arun, Rathi"]
[Black "Hitesh, S. Jariya"]
[Result "1-0"]
[WhiteElo "1939"]
[BlackElo "1871"]
[Annotator "NA"]
[PlyCount "111"]
[EventDate "2019.??.??"]
[EventCountry "IND"]
[SourceTitle "playchess.com"]
[Source "ChessBase"]
[SourceQuality "1"]
[TimeControl "5400+30"]

1. Nf3 {[%emt 0:00:00]} Nf6 {[%emt 0:00:00]} 2. g3 {[%emt 0:00:30]} g6 {[%emt 0:00:19]} 3. b3 {[%emt 0:00:19]} Bg7 {[%emt 0:00:26]} 4. Bb2 {[%emt 0:00:09]} c5 {[%emt 0:00:24]} 5. Bg2 {[%emt 0:02:57]} Nc6 {[%emt 0:01:06]} 6. O-O {[%emt 0:01:07]} O-O {[%emt 0:00:34]} 7. c4 {[%emt 0:02:24]} d6 {[%emt 0:00:53]} 8. d4 {[%emt 0:04:51]} cxd4 {[%emt 0:09:04]} 9. Nxd4 {[%emt 0:00:31]} Qb6 {[%emt 0:01:27]} 10. Nc2 {[%emt 0:03:08]} a5 {[%emt 0:04:38]} 11. Nc3 {[%emt 0:08:18]} a4 {[%emt 0:02:54]} 12. Nb5 {[%emt 0:01:35]} Be6 {[%emt 0:04:48]} 13. e4 {[%emt 0:07:23]} Nd7 {[%emt 0:05:26]} 14. Bxg7 {[%emt 0:06:49]} Kxg7 {[%emt 0:00:12]} 15. Kh1 {[%emt 0:08:31]} f6 {[%emt 0:05:23]} 16. Ne3 {[%emt 0:04:19]} axb3 {[%emt 0:08:33]} 17. axb3 {[%emt 0:00:56]} Nc5 {[%emt 0:01:18]} 18. Qc2 {[%emt 0:08:25]} Nb4 {[%emt 0:05:00]} 19. Qc3 {[%emt 0:01:10]} Rxa1 {[%emt 0:06:51]} 20. Rxa1 {[%emt 0:01:22]} Ncd3 {[%emt 0:00:21]} 21. Kg1 {[%emt 0:04:07]} Bf7 {[%emt 0:05:21]} 22. Bf1 {[%emt 0:02:00]} Rc8 {[%emt 0:01:28]} 23. Qd2 {[%emt 0:03:54]} Nc5 {[%emt 0:07:03]} 24. Qxb4 {[%emt 0:01:45]} Nxe4 {[%emt 0:00:07]} 25. Qa5 {[%emt 0:04:16]} Qxa5 {[%emt 0:10:35]} 26. Rxa5 {[%emt 0:00:09]} Nd2 {[%emt 0:01:22]} 27. Ra7 {[%emt 0:01:22]} Nxb3 {[%emt 0:01:28]} 28. Rxb7 {[%emt 0:00:19]} Kf8 {[%emt 0:00:51]} 29. Nxd6 {[%emt 0:00:28]} Nc5 {[%emt 0:01:33]} 30. Rxe7 {[%emt 0:01:22]} Kxe7 {[%emt 0:01:15]} 31. Nxc8+ {[%emt 0:00:02]} Kd7 {[%emt 0:01:20]} 32. Nb6+ {[%emt 0:00:03]} Kd6 {[%emt 0:01:16]} 33. Nbd5 {[%emt 0:01:21]} Nd7 {[%emt 0:00:54]} 34. Bh3 {[%emt 0:00:47]} f5 {[%emt 0:00:35]} 35. Kf1 {[%emt 0:00:52]} Ne5 {[%emt 0:00:50]} 36. Ke2 {[%emt 0:00:34]} Nxc4 {[%emt 0:01:07]} 37. Nxc4+ {[%emt 0:00:10]} Kxd5 {[%emt 0:00:11]} 38. Nd2 {[%emt 0:00:25]} Ke5 {[%emt 0:01:04]} 39. f4+ {[%emt 0:00:28]} Kf6 {[%emt 0:01:05]} 40. Ke3 {[%emt 0:00:13]} h6 {[%emt 0:01:42]} 41. Kd4 {[%emt 0:00:25]} g5 {[%emt 0:00:50]} 42. Bf1 {[%emt 0:00:31]} Bh5 {[%emt 0:00:57]} 43. Nc4 {[%emt 0:00:30]} Bf3 {[%emt 0:01:06]} 44. Ne3 {[%emt 0:00:32]} Bb7 {[%emt 0:01:03]} 45. Bd3 {[%emt 0:00:15]} Bc8 {[%emt 0:00:36]} 46. Kd5 {[%emt 0:00:01]} gxf4 {[%emt 0:02:14]} 47. gxf4 {[%emt 0:00:01]} Bb7+ {[%emt 0:00:10]} 48. Kd6 {[%emt 0:00:02]} Bf3 {[%emt 0:03:05]} 49. Bxf5 {[%emt 0:00:28]} h5 {[%emt 0:00:41]} 50. Be4 {[%emt 0:00:00]} Bg4 {[%emt 0:01:37]} 51. Nd5+ {[%emt 0:00:00]} Kf7 {[%emt 0:00:19]} 52. Ke5 {[%emt 0:00:00]} Be2 {[%emt 0:00:19]} 53. f5 {[%emt 0:00:00]} Bg4 {[%emt 0:00:37]} 54. f6 {[%emt 0:00:00]} Bd1 {[%emt 0:00:56]} 55. Nf4 {[%emt 0:00:00]} Bg4 {[%emt 0:00:35]} 56. Bd5+ {[%emt 0:00:00]} 1-0

[Event "3rd HoliCup Lake City 2019"]
[Site "Udaipur"]
[Date "2019.03.31"]
[Round "8.16"]
[White "Sudhanshu, Ranjan"]
[Black "Sanchit, Anand"]
[Result "1/2-1/2"]
[WhiteElo "2056"]
[BlackElo "1817"]
[Annotator "NA"]
[PlyCount "126"]
[EventDate "2019.??.??"]
[EventCountry "IND"]
[SourceTitle "playchess.com"]
[Source "ChessBase"]
[SourceQuality "1"]
[TimeControl "5400+30"]

1. d4 {[%emt 0:00:00]} Nf6 {[%emt 0:00:00]} 2. c4 {[%emt 0:00:00]} e6 {[%emt 0:00:00]} 3. Nf3 {[%emt 0:00:00]} d5 {[%emt 0:00:22]} 4. Nc3 {[%emt 0:00:17]} Be7 {[%emt 0:00:19]} 5. Bg5 {[%emt 0:00:07]} Nbd7 {[%emt 0:01:40]} 6. e3 {[%emt 0:00:09]} Ne4 {[%emt 0:00:52]} 7. Bxe7 {[%emt 0:01:26]} Qxe7 {[%emt 0:00:42]} 8. cxd5 {[%emt 0:04:20]} Nxc3 {[%emt 0:00:20]} 9. bxc3 {[%emt 0:00:05]} exd5 {[%emt 0:00:11]} 10. Bd3 {[%emt 0:00:35]} O-O {[%emt 0:00:22]} 11. O-O {[%emt 0:00:06]} c6 {[%emt 0:07:41]} 12. Qc2 {[%emt 0:01:04]} Nf6 {[%emt 0:00:29]} 13. c4 {[%emt 0:00:28]} dxc4 $14 {[%emt 0:01:11]} 14. Bxc4 {[%emt 0:00:12]} Be6 {[%emt 0:00:49]} 15. Rab1 {[%emt 0:03:30]} b6 {[%emt 0:03:21]} 16. Rbc1 {[%emt 0:02:15]} Bxc4 {[%emt 0:05:38]} 17. Qxc4 {[%emt 0:00:03]} c5 {[%emt 0:02:52]} 18. dxc5 {[%emt 0:00:32]} bxc5 {[%emt 0:00:15]} 19. Qxc5 {[%emt 0:00:16]} Qe6 {[%emt 0:03:18]} 20. Qa5 {[%emt 0:07:36]} Qb6 {[%emt 0:00:55]} 21. Qa4 {[%emt 0:02:46]} Rfc8 {[%emt 0:01:06]} 22. Rb1 {[%emt 0:01:17]} Qc7 {[%emt 0:01:12]} 23. h3 {[%emt 0:01:28]} Rab8 {[%emt 0:00:07]} 24. Rb3 {[%emt 0:01:40]} Rxb3 {[%emt 0:00:34]} 25. axb3 {[%emt 0:00:36]} h6 {[%emt 0:00:14]} 26. Nd4 {[%emt 0:04:31]} Rb8 {[%emt 0:05:30]} 27. Ra1 {[%emt 0:02:52]} Rb7 {[%emt 0:00:12]} 28. Qa3 {[%emt 0:00:50]} Ne4 {[%emt 0:04:24]} 29. Rc1 {[%emt 0:00:22]} Qb8 {[%emt 0:01:13]} 30. Qa5 {[%emt 0:01:26]} Nd6 {[%emt 0:02:33]} 31. Rc5 {[%emt 0:01:48]} Rb6 {[%emt 0:01:27]} 32. Qc3 {[%emt 0:01:43]} Kh7 {[%emt 0:08:30]} 33. Rc7 {[%emt 0:03:43]} Rb7 {[%emt 0:03:49]} 34. Rc6 {[%emt 0:03:09]} Rb6 {[%emt 0:00:29]} 35. Rc5 {[%emt 0:00:06]} g6 {[%emt 0:04:40]} 36. Qc2 {[%emt 0:08:00]} Nb5 {[%emt 0:02:24]} 37. Qc4 {[%emt 0:02:38]} Nd6 {[%emt 0:01:21]} 38. Qd5 {[%emt 0:00:11]} Qb7 {[%emt 0:00:42]} 39. Qe5 {[%emt 0:02:10]} a6 {[%emt 0:00:55]} 40. f3 {[%emt 0:08:34]} Nb5 {[%emt 0:01:36]} 41. Nxb5 {[%emt 0:01:26]} Rxb5 {[%emt 0:00:54]} 42. Rc7 {[%emt 0:00:58]} Rxe5 {[%emt 0:00:43]} 43. Rxb7 {[%emt 0:00:02]} Kg7 {[%emt 0:00:49]} 44. Kf2 {[%emt 0:00:16]} Ra5 {[%emt 0:00:24]} 45. e4 {[%emt 0:00:32]} Ra2+ {[%emt 0:00:09]} 46. Kg3 {[%emt 0:00:17]} a5 {[%emt 0:02:25]} 47. e5 {[%emt 0:01:33]} Kg8 {[%emt 0:00:56]} 48. f4 {[%emt 0:00:13]} a4 {[%emt 0:01:24]} 49. bxa4 {[%emt 0:00:03]} Rxa4 {[%emt 0:00:11]} 50. Kg4 {[%emt 0:00:17]} Ra2 {[%emt 0:08:28]} 51. g3 {[%emt 0:00:52]} Ra3 {[%emt 0:00:05]} 52. Re7 {[%emt 0:04:07]} Kf8 {[%emt 0:00:21]} 53. Rc7 {[%emt 0:00:07]} Kg8 {[%emt 0:00:04]} 54. Rc6 {[%emt 0:00:15]} Re3 {[%emt 0:01:47]} 55. h4 {[%emt 0:00:26]} Kg7 {[%emt 0:00:34]} 56. h5 {[%emt 0:01:42]} gxh5+ {[%emt 0:01:48]} 57. Kh3 {[%emt 0:00:30]} Re2 {[%emt 0:02:21]} 58. Rf6 {[%emt 0:00:19]} Rb2 {[%emt 0:00:58]} 59. Rc6 {[%emt 0:00:32]} Ra2 {[%emt 0:00:16]} 60. e6 {[%emt 0:01:24]} fxe6 {[%emt 0:00:18]} 61. Rxe6 {[%emt 0:00:03]} Rb2 {[%emt 0:01:21]} 62. Re5 {[%emt 0:02:29]} Kg6 {[%emt 0:00:14]} 63. Rc5 {[%emt 0:00:26]} Rf2 {[%emt 0:00:52]} 1/2-1/2

[Event "3rd HoliCup Lake City 2019"]
[Site "Udaipur"]
[Date "2019.03.31"]
[Round "8.17"]
[White "Chandan, Palash N"]
[Black "Pandey, Srishti"]
[Result "1-0"]
[WhiteElo "1689"]
[BlackElo "2020"]
[Annotator "NA"]
[PlyCount "55"]
[EventDate "2019.??.??"]
[EventCountry "IND"]
[SourceTitle "playchess.com"]
[Source "ChessBase"]
[SourceQuality "1"]
[TimeControl "5400+30"]

1. e4 {[%emt 0:07:52]} d5 {[%emt 0:00:13]} 2. exd5 {[%emt 0:00:12]} Qxd5 {[%emt 0:00:11]} 3. Nc3 {[%emt 0:00:12]} Qd6 {[%emt 0:00:04]} 4. d4 {[%emt 0:00:14]} a6 {[%emt 0:00:14]} 5. Bd3 {[%emt 0:02:59]} Nf6 {[%emt 0:11:28]} 6. Nge2 {[%emt 0:00:11]} Bg4 {[%emt 0:01:06]} 7. f3 {[%emt 0:00:05]} Bh5 {[%emt 0:00:56]} 8. Bf4 {[%emt 0:00:58]} Qd7 {[%emt 0:00:12]} 9. Qd2 {[%emt 0:01:07]} Nc6 {[%emt 0:00:45]} 10. O-O-O {[%emt 0:10:16]} O-O-O {[%emt 0:01:04]} 11. g4 {[%emt 0:16:33]} Bg6 {[%emt 0:01:03]} 12. Bxg6 {[%emt 0:01:40]} hxg6 {[%emt 0:00:08]} 13. d5 {[%emt 0:03:19]} Nb4 {[%emt 0:07:03]} 14. Qd4 {[%emt 0:01:01]} Nbxd5 {[%emt 0:00:19] [#]} 15. g5 $16 {[%emt 0:09:38]} e5 {[%emt 0:12:01]} 16. Qa7 {[%emt 0:12:52]} Nb6 {[%emt 0:15:32]} 17. Rxd7 {[%emt 0:01:33]} Nfxd7 {[%emt 0:00:11]} 18. Be3 {[%emt 0:08:39]} c5 {[%emt 0:16:14]} 19. Rd1 {[%emt 0:04:24]} Kc7 {[%emt 0:02:24]} 20. Nd5+ {[%emt 0:00:06]} Nxd5 {[%emt 0:00:18]} 21. Rxd5 {[%emt 0:00:02]} Kc6 {[%emt 0:05:05]} 22. Nc3 {[%emt 0:01:02]} Be7 {[%emt 0:00:27]} 23. Rxd7 {[%emt 0:00:13]} Rxd7 {[%emt 0:02:08]} 24. Na4 {[%emt 0:00:13]} Kc7 {[%emt 0:06:06]} 25. Nxc5 {[%emt 0:01:51]} Bxc5 {[%emt 0:02:26]} 26. Qxc5+ {[%emt 0:00:02]} Kb8 {[%emt 0:01:57]} 27. Qxe5+ {[%emt 0:00:05]} Ka8 {[%emt 0:00:30]} 28. b3 {[%emt 0:00:18]} 1-0

[Event "3rd HoliCup Lake City 2019"]
[Site "Udaipur"]
[Date "2019.03.31"]
[Round "8.18"]
[White "Dhruv Dak"]
[Black "Himanshu, Ranjan"]
[Result "1-0"]
[WhiteElo "1684"]
[BlackElo "1984"]
[Annotator "NA"]
[PlyCount "63"]
[EventDate "2019.??.??"]
[EventCountry "IND"]
[SourceTitle "playchess.com"]
[Source "ChessBase"]
[SourceQuality "1"]
[TimeControl "5400+30"]

1. Nf3 {[%emt 0:00:32]} d5 {[%emt 0:00:00]} 2. g3 {[%emt 0:00:10]} Nf6 {[%emt 0:00:08]} 3. Bg2 {[%emt 0:00:01]} c6 {[%emt 0:00:42]} 4. O-O {[%emt 0:00:05]} Bg4 {[%emt 0:00:09]} 5. Ne5 {[%emt 0:03:11]} Bh5 {[%emt 0:00:19]} 6. d4 {[%emt 0:05:35]} e6 {[%emt 0:01:05]} 7. c4 {[%emt 0:00:25]} Nbd7 {[%emt 0:02:49]} 8. f4 $11 {[%emt 0:06:14]} Be7 {[%emt 0:04:27]} 9. cxd5 {[%emt 0:04:30]} cxd5 {[%emt 0:00:51]} 10. Nc3 {[%emt 0:03:03]} O-O {[%emt 0:02:32]} 11. Qb3 {[%emt 0:01:21]} Rb8 {[%emt 0:06:21]} 12. h3 {[%emt 0:04:54]} Nxe5 {[%emt 0:10:31]} 13. dxe5 {[%emt 0:06:26]} Nd7 {[%emt 0:04:58]} 14. g4 {[%emt 0:03:32]} Bg6 {[%emt 0:00:04]} 15. f5 {[%emt 0:01:17]} exf5 {[%emt 0:11:57]} 16. gxf5 {[%emt 0:01:16]} Bh5 {[%emt 0:00:27]} 17. Bf4 {[%emt 0:19:32]} d4 {[%emt 0:08:17]} 18. Nd5 {[%emt 0:16:54]} Bxe2 {[%emt 0:14:34]} 19. f6 {[%emt 0:02:23]} Bc5 {[%emt 0:02:38]} 20. Qg3 {[%emt 0:01:59]} g6 {[%emt 0:00:20]} 21. b4 {[%emt 0:01:22]} Nb6 {[%emt 0:10:01]} 22. Qg5 {[%emt 0:07:52]} Kh8 {[%emt 0:01:20]} 23. Ne7 {[%emt 0:04:51]} Bxb4 {[%emt 0:01:09]} 24. e6 {[%emt 0:01:55]} Bc4 {[%emt 0:00:41]} 25. Nxg6+ {[%emt 0:01:44]} fxg6 {[%emt 0:00:04]} 26. Be5 {[%emt 0:00:41]} Rf7 {[%emt 0:00:30]} 27. exf7 {[%emt 0:00:32]} Bxf7 {[%emt 0:00:01]} 28. Bxb8 {[%emt 0:00:45]} Qxb8 {[%emt 0:00:02]} 29. Rad1 {[%emt 0:00:40]} Qd8 {[%emt 0:00:18]} 30. Rf4 {[%emt 0:00:31]} Bc3 {[%emt 0:00:17]} 31. Qh6 {[%emt 0:00:28]} Qg8 {[%emt 0:00:02]} 32. Rfxd4 {[%emt 0:00:25]} 1-0